Optical networks (Record no. 287)

000 -LEADER
fixed length control field 00543nam a2200205 4500
001 - CONTROL NUMBER
control field 287
003 - CONTROL NUMBER IDENTIFIER
control field BD-DhUET
008 - FIXED-LENGTH DATA ELEMENTS--GENERAL INFORMATION
fixed length control field 140719b xxu||||| |||| 00| 0 eng d
020 ## - INTERNATIONAL STANDARD BOOK NUMBER
International Standard Book Number 9780750677022
020 ## - INTERNATIONAL STANDARD BOOK NUMBER
International Standard Book Number 0750677023
040 ## - CATALOGING SOURCE
Transcribing agency 0
Modifying agency BD-DhUET
082 ## - DEWEY DECIMAL CLASSIFICATION NUMBER
Classification number 623.80414
Item number BLA/2002
100 ## - MAIN ENTRY--PERSONAL NAME
Personal name Black, Uyless
245 ## - TITLE STATEMENT
Title Optical networks
Remainder of title third generation transport systems
Statement of responsibility, etc. by Uyless Black
260 ## - PUBLICATION, DISTRIBUTION, ETC. (IMPRINT)
Place of publication, distribution, etc. New Delhi
Name of publisher, distributor, etc. Pearson
Date of publication, distribution, etc. 2002
300 ## - PHYSICAL DESCRIPTION
Extent xx, 323p.
504 ## - BIBLIOGRAPHY, ETC. NOTE
Bibliography, etc Includes bibliographies
650 #0 - SUBJECT ADDED ENTRY--TOPICAL TERM
Topical term or geographic name as entry element Optical communications
942 ## - ADDED ENTRY ELEMENTS (KOHA)
Koha item type General Book
Holdings
Koha item type Copy number Koha full call number Source of classification or shelving scheme Date acquired Koha normalized classification for sorting Shelving location Location (home branch) Damaged status Sublocation or collection (holding branch) Piece designation (barcode) Koha date last seen Lost status Withdrawn status Price effective from Not for loan
General Book1623.80414/BLA/2002 2014-07-19623_000000000000000_80414BLA20Circulation sectionCentral Library, BUET Central Library, BUET1116892014-07-19  2014-07-19 
General Book2623.80414/BLA/2002 2014-07-19623_000000000000000_80414BLA20Circulation sectionCentral Library, BUET Central Library, BUET1116902014-07-19  2014-07-19 
General Book3623.80414/BLA/2002 2014-08-03623_000000000000000_80414BLA20Circulation sectionCentral Library, BUET Central Library, BUET1106732014-08-03  2014-08-03